000 00632nam a2200253Ia 4500
003 OSt
005 20220918174406.0
006 a|||||r|||| 00| 0
007 ta
008 220917b |||||||| |||| 00| 0 eng d
024 _a11,948
037 _cTextual
040 _aARTS
_cARTS
_beng
041 _2eng
_aeng
082 _aMV41, K3.2
100 _aLal Shiam
_950310
245 0 _aText book of military science
260 _c1963
300 _aV.2
_ccm.
650 _aINDUSTRIAL ARTS
700 _a Mukerjee P K
_950311
942 _hMV41, K3.2
_cTEXL
_2CC
999 _c153004
_d153004